| 000 | 00427nam a22001817a 4500 | ||
|---|---|---|---|
| 003 | MPLRDC | ||
| 005 | 20220104113910.0 | ||
| 008 | 210129b ||||| |||| 00| 0 eng d | ||
| 020 | _a962-288-104-1 | ||
| 082 | _a782.882 BXY | ||
| 100 | _a王普民 | ||
| 245 |
_a白先勇传 _c |
||
| 250 | _a初版 | ||
| 260 |
_a _b华汉文化事业公司 _c1992 |
||
| 300 | _b平 | ||
| 650 | _a白先勇传记 | ||
| 942 |
_cBK _o782.882 BXY |
||
| 999 |
_c3226 _d3216 |
||